1187 1336 1351 1391 1549 1225 1984 1483 1072 1740 1307 1416 1316 1955 1800 1207 1654 1886 1258 1679 1283 1573 1715 1700 1517 1618 1313 1654 1448 1009 1861 1235 1761 1520 1397 1826 1102 1948 1455 1604 1086 1796 1256 1028 1057 1953 1256 1433 1309 1036 1152 1386 1261 1071 1982 1688 1898 1467 1934 1860 1535 1910 1000 1808 1296 1014 1706 1703 1736 1682 1450 1785 1854 1503 1748 1778 1174 1072 1029 1484 1724 1774 1901 1395 1251 1353 1447 1049 1389 1087 1914 1420 1552 1262 1373 1908 1245 1526 1158 BCNSPRNW ULIB Ver.6.0+V

เปลี่ยนเป็นภาษาไทย

Change to English
 แสดงรายละเอียดบรรณานุกรม
  กลับหน้าหลัก

Brief Record : Get Marc (ISO 2709) : E-mail record : QR code < ปิดหน้าต่าง
LEADER : 00000nam 2200000uu 4500
001    13399124135
003     ULIB
008    150120s2556||||th 000 0 tha d
020    ^a9786162791727
060  4 ^aWG610^bร924
110 1  ^aมหาวิทยาลัยมหิดล.^bคณะแพทยศาสตร์โรงพยาบาลรามาธิบดี.^bโครงการตำรารามาธิบดี
245 00 ^aโรคหลอดเลือดดำ /^cบรรณาธิการ จุมพล วิลาศรัศมี ...[และคนอื่น ๆ]
246 14 ^aคู่มือความรู้ภาคประชาชนเรื่องโรคหลอดเลือดดำ
250    ^aพิมพ์ครั้งที่ 1
260    ^aกรุงเทพฯ :^bโครงการตำรารามาธิบดีคณะแพทยศาสตร์โรงพยาบาลรามาธิบดี มหาวิทยาลัยมหิดล,^c2556
300    ^a64 หน้า :^bภาพประกอบ
650  7 ^aหลอดเลือดดำ^xโรค
650  7 ^aหลอดเลือดดำขอด
650  7 ^aหลอดเลือดดำอักเสบ
650  7 ^aหลอดเลือด^xโรค
700 0  ^aจุมพล วิลาศรัศมี,^eบรรณาธิการ
945    ^p80^l0^i038517
945    ^p80^l0^i038518
945    ^p80^l0^i038519
945    ^p80^l0^i038520
945    ^p80^l0^i038521
945    ^p80^l0^i038522
945    ^p80^l0^i038523
999    ^aเกษร โพธิ์สุวรรณ
รายการนี้ยังไม่มีแท็ก
คุณยังไม่ได้ล็อกอิน คุณสามารถมีกิจกรรมร่วมกับเว็บไซต์ได้ แต่ต้องล็อกอินก่อน ::
  ล็อกอิน

รายการสื่อสารสนเทศ

ลำดับที่ ประเภท เลขเรียก/บาร์โค้ด สถานที่ สถานะ
1. วิทยาศาสตร์การแพทย์ และสุขภาพ
วิทยาศาสตร์การแพทย์ และสุขภาพ
WG610 ร924 ฉ.1 
  Barcode: 038517
ห้องสมุดวิทยาเขตสวรรค์ประชารักษ์
►ส่วนจัดเก็บหนังสือเก่า สปร
บนชั้น
  ขอยืม
2. วิทยาศาสตร์การแพทย์ และสุขภาพ
วิทยาศาสตร์การแพทย์ และสุขภาพ
WG610 ร924 ฉ.2 
  Barcode: 038518
ห้องสมุดวิทยาเขตสวรรค์ประชารักษ์
►ส่วนจัดเก็บหนังสือเก่า สปร
บนชั้น
  ขอยืม
3. วิทยาศาสตร์การแพทย์ และสุขภาพ
วิทยาศาสตร์การแพทย์ และสุขภาพ
WG610 ร924 ฉ.3 
  Barcode: 038519
ห้องสมุดวิทยาเขตสวรรค์ประชารักษ์
►ส่วนจัดเก็บหนังสือเก่า สปร
บนชั้น
  ขอยืม
4. วิทยาศาสตร์การแพทย์ และสุขภาพ
วิทยาศาสตร์การแพทย์ และสุขภาพ
WG610 ร924 ฉ.4 
  Barcode: 038520
ห้องสมุดวิทยาเขตสวรรค์ประชารักษ์
►ส่วนจัดเก็บหนังสือเก่า สปร
บนชั้น
  ขอยืม
5. วิทยาศาสตร์การแพทย์ และสุขภาพ
วิทยาศาสตร์การแพทย์ และสุขภาพ
WG610 ร924 ฉ.5 
  Barcode: 038521
ห้องสมุดวิทยาเขตสวรรค์ประชารักษ์
►ส่วนจัดเก็บหนังสือเก่า สปร
บนชั้น
  ขอยืม
6. วิทยาศาสตร์การแพทย์ และสุขภาพ
วิทยาศาสตร์การแพทย์ และสุขภาพ
WG610 ร924 ฉ.6 
  Barcode: 038522
ห้องสมุดวิทยาเขตสวรรค์ประชารักษ์
►ส่วนจัดเก็บหนังสือเก่า สปร
บนชั้น
  ขอยืม
7. วิทยาศาสตร์การแพทย์ และสุขภาพ
วิทยาศาสตร์การแพทย์ และสุขภาพ
WG610 ร924 ฉ.7 
  Barcode: 038523
ห้องสมุดวิทยาเขตสวรรค์ประชารักษ์
►หนังสือทั่วไป
บนชั้น

รายการใกล้เคียง
    หัวเรื่อง [หลอดเลือดดำขอด]
    หัวเรื่อง [หลอดเลือดดำอักเสบ]

BibComment


ยังไม่เคยถูกคอมเมนท์

คอมเมนท์ทรัพยากรรายการนี้
  คอมเมนท์: โรคหลอดเลือดดำ ..


 Copyright 2026. Bcnsprnw @Library